MARC
| LEADER | 00000 a a2200000 04500 | ||
|---|---|---|---|
| 001 | 32730 | ||
| 003 | |||
| 040 | |||
| 090 | |a 203600 | ||
| 110 | |a CONICIT | ||
| 245 | |a Programa desarrollo rural en Costa Rica y Centroamérica: una visión retro-prospectiva | ||
| 260 | |a s.l: |b s.e | ||
| 300 | |a 34 p. | ||
| 650 | |a DESARROLLO RURAL | ||
| 650 | |a PROYECTOS DE INVESTIGACION | ||
| 650 | |a NECESIDADES DE INVESTIGACION | ||
| 650 | |a COSTA RICA | ||
| 999 | |c 13329 |d 13329 | ||
